[Event "VI Sunway Sitges Open 2019"]
[Site "Sitges"]
[Date "2019.12.14"]
[Round "2.45"]
[White "Saduakassova, Dinara"]
[Black "Solozhenkina, Elizaveta"]
[Result "1-0"]
[WhiteElo "2505"]
[BlackElo "2329"]
[Annotator "ChessBase"]
[PlyCount "139"]
[EventDate "2019.12.13"]
[EventType "swiss"]
[EventCountry "ESP"]
[SourceTitle "playchess.com"]
[Source "ChessBase"]
[SourceQuality "1"]
[TimeControl "40/5400+30:1800+30"]

1. e4 {[%emt 0:00:00]} e6 {[%emt 0:00:00]} 2. d4 {[%emt 0:00:02]} d5 {[%emt 0:00:00]} 3. Nd2 {[%emt 0:00:20]} Be7 {[%emt 0:00:00]} 4. Ngf3 {[%emt 0:07:05]} Nf6 {[%emt 0:00:22]} 5. Bd3 {[%emt 0:00:44]} c5 {[%emt 0:00:53]} 6. dxc5 {[%emt 0:01:28]} dxe4 {[%emt 0:13:06]} 7. Nxe4 {[%emt 0:00:18]} Nxe4 {[%emt 0:00:08]} 8. Bxe4 {[%emt 0:00:04]} Qxd1+ {[%emt 0:00:07]} 9. Kxd1 {[%emt 0:00:03]} Bxc5 {[%emt 0:00:10]} 10. Ke2 {[%emt 0:00:07]} Nd7 {[%emt 0:01:12]} 11. Bd3 {[%emt 0:04:09]} Ke7 {[%emt 0:04:13]} 12. Rd1 {[%emt 0:06:20]} Bd6 {[%emt 0:19:36]} 13. Be3 {[%emt 0:06:44]} Nc5 {[%emt 0:04:29]} 14. Bc4 {[%emt 0:07:29]} b6 {[%emt 0:00:15]} 15. Ng5 {[%emt 0:01:06]} Be5 {[%emt 0:05:28]} 16. c3 {[%emt 0:02:01]} h6 {[%emt 0:08:36]} 17. Bxc5+ {[%emt 0:04:09]} bxc5 {[%emt 0:00:06]} 18. Ne4 {[%emt 0:00:07]} Bb7 {[%emt 0:03:22]} 19. Nxc5 {[%emt 0:00:23]} Bxg2 {[%emt 0:00:59]} 20. Rd7+ {[%emt 0:00:15]} Kf6 {[%emt 0:01:13]} 21. f3 {[%emt 0:02:22]} g5 {[%emt 0:03:28]} 22. Nd3 {[%emt 0:05:50]} Rhd8 {[%emt 0:08:45]} 23. Rxd8 {[%emt 0:08:11]} Rxd8 {[%emt 0:00:05]} 24. Nf2 {[%emt 0:00:06]} Bf4 {[%emt 0:03:15]} 25. Bd3 {[%emt 0:01:14]} g4 {[%emt 0:00:55]} 26. Nxg4+ {[%emt 0:00:49]} Ke7 {[%emt 0:00:06]} 27. Rg1 {[%emt 0:09:55]} Bh3 {[%emt 0:00:20]} 28. Nf2 {[%emt 0:00:14]} Bf5 {[%emt 0:00:09]} 29. h3 {[%emt 0:02:14]} h5 {[%emt 0:00:57]} 30. Rd1 {[%emt 0:02:55]} Rg8 {[%emt 0:00:33]} 31. Bxf5 {[%emt 0:00:14]} exf5 {[%emt 0:00:06]} 32. Rd4 {[%emt 0:01:54]} Bh2 {[%emt 0:02:28]} 33. Nd3 {[%emt 0:07:59]} Rg2+ {[%emt 0:00:41]} 34. Kf1 {[%emt 0:00:50]} Rg1+ {[%emt 0:03:52]} 35. Kf2 {[%emt 0:01:17]} Rg8 {[%emt 0:02:30]} 36. Rb4 {[%emt 0:02:57]} Bg1+ {[%emt 0:00:33]} 37. Kf1 {[%emt 0:02:13]} Bb6 {[%emt 0:00:47]} 38. Nf4 {[%emt 0:01:14]} Kd6 {[%emt 0:02:29]} 39. Nxh5 {[%emt 0:04:32]} Rg1+ {[%emt 0:04:34]} 40. Ke2 {[%emt 0:00:00]} Rg2+ {[%emt 0:00:00]} 41. Kd3 {[%emt 0:05:30]} Rf2 {[%emt 0:02:35]} 42. f4 {[%emt 0:01:23]} Ke6 {[%emt 0:14:03]} 43. Rb5 {[%emt 0:00:25]} f6 {[%emt 0:03:04]} 44. Ng7+ {[%emt 0:02:39]} Kf7 {[%emt 0:00:06]} 45. Nxf5 {[%emt 0:00:06]} Rxf4 {[%emt 0:00:39]} 46. Nd6+ {[%emt 0:05:37]} Ke6 {[%emt 0:00:43]} 47. Nc4 {[%emt 0:03:23]} Bg1 {[%emt 0:00:52]} 48. Rh5 {[%emt 0:00:48]} Rf3+ {[%emt 0:02:19]} 49. Ke4 {[%emt 0:00:09]} Rf2 {[%emt 0:01:30]} 50. Rh6 {[%emt 0:00:52]} Bh2 {[%emt 0:02:12]} 51. a4 {[%emt 0:02:18]} Bg1 {[%emt 0:04:05]} 52. Rg6 {[%emt 0:07:04]} Bh2 {[%emt 0:02:32]} 53. Rg7 {[%emt 0:03:18]} f5+ {[%emt 0:01:19]} 54. Kd3 {[%emt 0:00:28]} f4 {[%emt 0:03:42]} 55. Rxa7 {[%emt 0:00:56]} f3 {[%emt 0:00:34]} 56. Ra6+ {[%emt 0:05:14]} Ke7 {[%emt 0:02:26]} 57. Ke4 {[%emt 0:01:35]} Rxb2 {[%emt 0:03:24]} 58. Kxf3 {[%emt 0:00:05]} Rc2 {[%emt 0:00:34]} 59. Ne3 {[%emt 0:00:15]} Rxc3 {[%emt 0:00:19]} 60. Ke4 {[%emt 0:00:03]} Kd7 {[%emt 0:00:33]} 61. h4 {[%emt 0:00:55]} Bg1 {[%emt 0:00:54]} 62. Nf5 {[%emt 0:00:18]} Rc4+ {[%emt 0:00:03]} 63. Ke5 {[%emt 0:00:17]} Kc7 {[%emt 0:00:24]} 64. h5 {[%emt 0:01:26]} Bc5 {[%emt 0:00:56]} 65. Kd5 {[%emt 0:01:55]} Rf4 {[%emt 0:00:05]} 66. Rc6+ {[%emt 0:00:29]} Kb7 {[%emt 0:00:23]} 67. Rxc5 {[%emt 0:00:09]} Rxf5+ {[%emt 0:00:06]} 68. Kd6 {[%emt 0:00:44]} Rf4 {[%emt 0:00:51]} 69. a5 {[%emt 0:00:08]} Re4 {[%emt 0:00:08]} 70. Re5 {[%emt 0:00:04]} 1-0

[Event "VI Sunway Sitges Open 2019"]
[Site "Sitges"]
[Date "2019.12.14"]
[Round "2.46"]
[White "Samant Aditya S"]
[Black "Sadzikowski, Daniel"]
[Result "1/2-1/2"]
[WhiteElo "2309"]
[BlackElo "2504"]
[Annotator "ChessBase"]
[PlyCount "60"]
[EventDate "2019.12.13"]
[EventType "swiss"]
[EventCountry "ESP"]
[SourceTitle "playchess.com"]
[Source "ChessBase"]
[SourceQuality "1"]
[TimeControl "40/5400+30:1800+30"]

1. e4 {[%emt 0:00:00]} c6 {[%emt 0:00:00]} 2. d4 {[%emt 0:00:00]} d5 {[%emt 0:00:00]} 3. Nc3 {[%emt 0:00:00]} dxe4 {[%emt 0:00:00]} 4. Nxe4 {[%emt 0:00:00]} Bf5 {[%emt 0:00:00]} 5. Ng3 {[%emt 0:00:06]} Bg6 {[%emt 0:00:03]} 6. h4 {[%emt 0:00:07]} h6 {[%emt 0:00:09]} 7. Nf3 {[%emt 0:00:08]} Nd7 {[%emt 0:00:26]} 8. h5 {[%emt 0:00:29]} Bh7 {[%emt 0:00:06]} 9. Bd3 {[%emt 0:00:06]} Bxd3 {[%emt 0:00:06]} 10. Qxd3 {[%emt 0:00:06]} e6 {[%emt 0:00:12]} 11. Bd2 {[%emt 0:00:08]} Ngf6 {[%emt 0:00:21]} 12. O-O-O {[%emt 0:00:14]} Be7 {[%emt 0:00:39]} 13. Kb1 {[%emt 0:00:28]} Qb6 {[%emt 0:01:04]} 14. Rhe1 {[%emt 0:02:45]} O-O {[%emt 0:01:32]} 15. Nf5 {[%emt 0:03:51]} Bb4 {[%emt 0:00:06]} 16. Bxb4 {[%emt 0:06:42]} Qxb4 {[%emt 0:00:13]} 17. c3 {[%emt 0:03:15]} Qb6 {[%emt 0:15:56]} 18. Ne7+ {[%emt 0:02:44]} Kh8 {[%emt 0:00:01]} 19. Rxe6 {[%emt 0:01:43]} fxe6 {[%emt 0:00:02]} 20. Nh4 {[%emt 0:00:09]} g5 {[%emt 0:00:02]} 21. Nhg6+ {[%emt 0:00:10]} Kg7 {[%emt 0:00:07]} 22. Ne5 {[%emt 0:00:06]} Nxe5 {[%emt 0:01:08]} 23. dxe5 {[%emt 0:00:06]} Nh7 {[%emt 0:00:25]} 24. Qg6+ {[%emt 0:00:32]} Kh8 {[%emt 0:00:22]} 25. Qxh6 {[%emt 0:00:09]} Rad8 {[%emt 0:25:05]} 26. Ng6+ {[%emt 0:00:26]} Kg8 {[%emt 0:00:02]} 27. Ne7+ {[%emt 0:00:14]} Kh8 {[%emt 0:00:13]} 28. Ng6+ {[%emt 0:00:09]} Kg8 {[%emt 0:00:05]} 29. Ne7+ {[%emt 0:00:10]} Kh8 {[%emt 0:00:05]} 30. Ng6+ {[%emt 0:00:15]} Kg8 {[%emt 0:00:05]} 1/2-1/2

[Event "VI Sunway Sitges Open 2019"]
[Site "Sitges"]
[Date "2019.12.14"]
[Round "2.47"]
[White "Ivanchuk, Vassily"]
[Black "Kochavi, Ori"]
[Result "1-0"]
[WhiteElo "2690"]
[BlackElo "2259"]
[Annotator "TA"]
[PlyCount "53"]
[EventDate "2019.12.13"]
[EventType "swiss"]
[EventCountry "ESP"]
[SourceTitle "playchess.com"]
[Source "ChessBase"]
[SourceQuality "1"]

{[%evp 9,53,0,38,-12,0,-10,-10,-9,-10,-12,-18,-31,0,6,0,-3,12,5,28,16,41,26,26,20,19,0,0,0,175,160,238,237,245,220,233,227,227,227,442,441,1433,1455,1367,1354,986,575]} 1. Nf3 Nf6 2. c4 g6 3. Nc3 Bg7 4. e4 e5 5. d3 (5. Nxe5 O-O 6. Nf3 Re8 7. Bd3 Nxe4 8. Bxe4 Bxc3 9. dxc3 Rxe4+ 10. Be3 d6 11. c5 d5 12. h3 b6 {1-0 (29) So,W (2754)-Mamedyarov,S (2774) Zagreb 2019}) 5... O-O 6. h3 $146 {A16: English Opening: 1...Nf6 with ...d5} ({Predecessor:} 6. Be3 d6 7. Be2 Be6 8. b4 c6 9. a4 Nbd7 10. O-O a6 11. h3 Rb8 12. Rb1 {½-½ (12) Morant Gomar,S (1943)-Gomar Juan,M Alzira 2003}) 6... c6 7. Be2 d5 8. exd5 {The position is equal.} cxd5 9. Bg5 ({Don't blunder} 9. Nxe5 $2 d4 $19) 9... d4 10. Ne4 Qa5+ 11. Qd2 Qxd2+ 12. Nfxd2 Nxe4 13. Nxe4 f6 14. Bd2 $36 {[%mdl 2048] White has the initiative.} Rd8 15. g4 a5 16. h4 Bd7 17. f4 Bc6 18. fxe5 f5 $2 (18... Nd7 $11) 19. gxf5 $18 {f6 is the strong threat.} gxf5 {[#]} (19... Nd7 $16 {might work better.}) 20. Rg1 $1 {Threatens to win with Bh6.} ({And not} 20. Bg5 Na6 $15) 20... fxe4 21. Bh6 $1 {Strongly threatening e6.} Rd7 {White must now prevent ...exd3.} 22. e6 Re7 {[#] aiming for ...exd3.} 23. Bh5 $1 Be8 $2 {[#]} (23... Kf8 24. Bg5 Rxe6) 24. Bf7+ $1 {[%mdl 576] Decoy, Promotion. White is clearly winning.} Bxf7 (24... Rxf7 $142 25. exf7+ Kxf7) 25. Rxg7+ {[%mdl 64] Double Attack, Pin} Kh8 26. exf7 {[%cal Rf7f8]} Nc6 {[#]} 27. f8=Q+ $1 {[%mdl 512] Accuracy: White = 56%, Black = 42%.} 1-0

[Event "VI Sunway Sitges Open 2019"]
[Site "Sitges"]
[Date "2019.12.14"]
[Round "2.48"]
[White "Toshali, V."]
[Black "Shivika Rohilla"]
[Result "1-0"]
[WhiteElo "2083"]
[BlackElo "1744"]
[Annotator "NA"]
[PlyCount "127"]
[EventDate "2019.12.13"]
[EventType "swiss"]
[EventCountry "ESP"]
[SourceTitle "playchess.com"]
[Source "ChessBase"]
[SourceQuality "1"]
[TimeControl "40/5400+30:1800+30"]

1. d4 {[%emt 0:05:39]} d5 {[%emt 0:00:00]} 2. Nf3 {[%emt 0:00:08]} Nf6 {[%emt 0:00:00]} 3. Bf4 {[%emt 0:00:07]} e6 {[%emt 0:00:00]} 4. e3 {[%emt 0:00:06]} Bd6 {[%emt 0:00:22]} 5. Bxd6 {[%emt 0:01:00]} Qxd6 {[%emt 0:00:31]} 6. c4 {[%emt 0:00:19]} Qb4+ {[%emt 0:08:40]} 7. Nbd2 {[%emt 0:00:07]} Qxb2 {[%emt 0:06:07]} 8. Bd3 {[%emt 0:05:26]} Qa3 {[%emt 0:02:59]} 9. Qe2 {[%emt 0:04:39]} Nbd7 {[%emt 0:02:26]} 10. c5 {[%emt 0:03:01]} c6 {[%emt 0:03:47]} 11. O-O {[%emt 0:17:10]} Qa5 {[%emt 0:01:21]} 12. Nh4 {[%emt 0:07:26]} Qd8 {[%emt 0:06:27]} 13. g3 {[%emt 0:02:31]} O-O {[%emt 0:00:43]} 14. f4 {[%emt 0:05:10]} b6 {[%emt 0:03:32]} 15. cxb6 {[%emt 0:00:36]} axb6 {[%emt 0:00:15]} 16. Nhf3 {[%emt 0:01:12]} c5 {[%emt 0:09:15]} 17. Ne5 {[%emt 0:06:29]} c4 {[%emt 0:01:22]} 18. Bc2 {[%emt 0:00:06]} Ba6 {[%emt 0:01:28]} 19. Ndf3 {[%emt 0:01:43]} Ne4 {[%emt 0:03:43]} 20. Qg2 {[%emt 0:10:30]} f6 {[%emt 0:08:16]} 21. Nc6 {[%emt 0:02:54]} Qc7 {[%emt 0:00:47]} 22. Nb4 {[%emt 0:00:32]} Bb7 {[%emt 0:03:05]} 23. Qh3 {[%emt 0:03:15]} Qd6 {[%emt 0:01:22]} 24. a3 {[%emt 0:01:10]} Ra5 {[%emt 0:01:32]} 25. f5 {[%emt 0:04:50]} exf5 {[%emt 0:05:19]} 26. Qxf5 {[%emt 0:02:22]} g6 {[%emt 0:00:21]} 27. Qh3 {[%emt 0:00:40]} Rfa8 {[%emt 0:04:20]} 28. Bxe4 {[%emt 0:02:48]} dxe4 {[%emt 0:00:28]} 29. Nd2 {[%emt 0:00:49]} b5 {[%emt 0:00:40]} 30. Nc2 {[%emt 0:01:01]} Bd5 {[%emt 0:02:22]} 31. Qh4 {[%emt 0:04:47]} f5 {[%emt 0:02:27]} 32. Rf2 {[%emt 0:00:38]} Ra4 {[%emt 0:04:38]} 33. g4 {[%emt 0:02:26]} fxg4 {[%emt 0:05:27]} 34. Qxg4 {[%emt 0:00:38]} Nf6 {[%emt 0:02:56]} 35. Qg5 {[%emt 0:00:58]} Nd7 {[%emt 0:02:58]} 36. Raf1 {[%emt 0:02:30]} Rf8 {[%emt 0:02:29]} 37. Nb1 {[%emt 0:00:57]} Raa8 {[%emt 0:03:41]} 38. Nc3 {[%emt 0:00:34]} Bc6 {[%emt 0:01:22]} 39. Rxf8+ {[%emt 0:01:19]} Rxf8 {[%emt 0:00:18]} 40. Rxf8+ {[%emt 0:00:00]} Qxf8 {[%emt 0:00:00]} 41. d5 {[%emt 0:05:45]} Bb7 {[%emt 0:02:11]} 42. Nxe4 {[%emt 0:05:09]} Qf5 {[%emt 0:01:07]} 43. Qxf5 {[%emt 0:09:10]} gxf5 {[%emt 0:00:06]} 44. Nc3 {[%emt 0:00:05]} Nf6 {[%emt 0:01:35]} 45. d6 {[%emt 0:00:20]} Bc6 {[%emt 0:02:21]} 46. Nd4 {[%emt 0:00:46]} Bd7 {[%emt 0:00:09]} 47. Ndxb5 {[%emt 0:02:35]} Ng4 {[%emt 0:00:19]} 48. a4 {[%emt 0:01:29]} Nxe3 {[%emt 0:00:22]} 49. a5 {[%emt 0:00:28]} Kf7 {[%emt 0:00:41]} 50. Nc7 {[%emt 0:00:35]} f4 {[%emt 0:02:10]} 51. a6 {[%emt 0:00:32]} Nf5 {[%emt 0:00:10]} 52. a7 {[%emt 0:03:15]} Bc6 {[%emt 0:00:05]} 53. N3b5 {[%emt 0:01:36]} c3 {[%emt 0:00:20]} 54. Nxc3 {[%emt 0:00:07]} Nxd6 {[%emt 0:00:06]} 55. a8=Q Bxa8 {[%emt 0:00:03]} 56. Nxa8 {[%emt 0:00:29]} Kf6 {[%emt 0:00:43]} 57. Nc7 {[%emt 0:01:02]} f3 {[%emt 0:00:24]} 58. Kf2 {[%emt 0:00:31]} Kg5 {[%emt 0:00:28]} 59. Kxf3 {[%emt 0:01:07]} Kh4 {[%emt 0:00:23]} 60. Kg2 {[%emt 0:00:16]} Nc4 {[%emt 0:00:32]} 61. Nd1 {[%emt 0:01:33]} Ne5 {[%emt 0:00:32]} 62. Nf2 {[%emt 0:01:12]} h6 {[%emt 0:01:05]} 63. Ne6 {[%emt 0:00:42]} h5 {[%emt 0:00:33]} 64. Nd4 {[%emt 0:00:21]} 1-0

[Event "VI Sunway Sitges Open 2019"]
[Site "Sitges"]
[Date "2019.12.14"]
[Round "2.49"]
[White "Isaksson, Max"]
[Black "Fogel, Pierre"]
[Result "0-1"]
[WhiteElo "1713"]
[BlackElo "2078"]
[Annotator "NA"]
[PlyCount "66"]
[EventDate "2019.12.13"]
[EventType "swiss"]
[EventCountry "ESP"]
[SourceTitle "playchess.com"]
[Source "ChessBase"]
[SourceQuality "1"]
[TimeControl "40/5400+30:1800+30"]

1. e4 {[%emt 0:00:03]} c5 {[%emt 0:04:56]} 2. Nf3 {[%emt 0:00:06]} e6 {[%emt 0:00:22]} 3. d4 {[%emt 0:00:07]} cxd4 {[%emt 0:00:07]} 4. Nxd4 {[%emt 0:00:07]} Nc6 {[%emt 0:00:09]} 5. Nxc6 {[%emt 0:00:05]} bxc6 {[%emt 0:00:09]} 6. Bd3 {[%emt 0:00:08]} d5 {[%emt 0:02:34]} 7. O-O {[%emt 0:00:48]} Nf6 {[%emt 0:00:17]} 8. Nd2 {[%emt 0:00:30]} Be7 {[%emt 0:00:51]} 9. Qe2 {[%emt 0:00:30]} O-O {[%emt 0:00:28]} 10. b3 {[%emt 0:01:20]} a5 {[%emt 0:00:59]} 11. a4 {[%emt 0:03:46]} Qb6 {[%emt 0:01:20]} 12. Bb2 {[%emt 0:05:05]} Ba6 {[%emt 0:00:28]} 13. Bxa6 {[%emt 0:04:15]} Qxa6 {[%emt 0:01:46]} 14. Qf3 {[%emt 0:07:54]} Rab8 {[%emt 0:03:17]} 15. Qg3 {[%emt 0:06:39]} Rfd8 {[%emt 0:13:08]} 16. f4 {[%emt 0:06:40]} Qe2 {[%emt 0:13:21]} 17. Rad1 {[%emt 0:11:27]} dxe4 {[%emt 0:18:57]} 18. Rfe1 {[%emt 0:05:02]} Qh5 {[%emt 0:08:54]} 19. Qg5 {[%emt 0:17:58]} Rd5 {[%emt 0:06:46]} 20. Qxh5 {[%emt 0:09:02]} Nxh5 {[%emt 0:00:10]} 21. Nxe4 {[%emt 0:02:38]} Rbd8 {[%emt 0:01:48]} 22. Rxd5 {[%emt 0:03:57]} cxd5 {[%emt 0:00:23]} 23. Ng3 {[%emt 0:00:54]} Nxf4 {[%emt 0:01:36]} 24. Be5 {[%emt 0:05:49]} Bd6 {[%emt 0:05:12]} 25. Bc3 {[%emt 0:02:11]} Rc8 {[%emt 0:01:30]} 26. Bxa5 {[%emt 0:01:43]} Rxc2 {[%emt 0:00:22]} 27. Rb1 {[%emt 0:00:42]} Nxg2 {[%emt 0:04:15]} 28. b4 {[%emt 0:00:38]} Nh4 {[%emt 0:00:12]} 29. b5 {[%emt 0:00:58]} Nf3+ {[%emt 0:00:16]} 30. Kf1 {[%emt 0:00:23]} Nxh2+ {[%emt 0:00:26]} 31. Kg1 {[%emt 0:00:38]} Bxg3 {[%emt 0:01:22]} 32. b6 {[%emt 0:00:05]} Nf3+ {[%emt 0:00:21]} 33. Kf1 {[%emt 0:00:11]} Rf2# {[%emt 0:00:20]} 0-1

[Event "VI Sunway Sitges Open 2019"]
[Site "Sitges"]
[Date "2019.12.14"]
[Round "2.50"]
[White "Rosh Jain"]
[Black "Huguet, Sergio"]
[Result "1/2-1/2"]
[WhiteElo "1697"]
[BlackElo "2076"]
[Annotator "NA"]
[PlyCount "115"]
[EventDate "2019.12.13"]
[EventType "swiss"]
[EventCountry "ESP"]
[SourceTitle "playchess.com"]
[Source "ChessBase"]
[SourceQuality "1"]
[TimeControl "40/5400+30:1800+30"]

1. e4 {[%emt 1:48:01]} c5 {[%emt 0:03:31]} 2. Nf3 {[%emt 0:00:26]} g6 {[%emt 0:00:16]} 3. d4 {[%emt 0:00:08]} cxd4 {[%emt 0:00:12]} 4. Qxd4 {[%emt 0:00:15]} Nf6 {[%emt 0:00:45]} 5. e5 {[%emt 0:00:18]} Nc6 {[%emt 0:00:40]} 6. Qa4 {[%emt 0:00:10]} Nd5 {[%emt 0:01:47]} 7. Qe4 {[%emt 0:00:11]} Nc7 {[%emt 0:02:37]} 8. Bd3 {[%emt 0:03:15]} Bg7 {[%emt 0:02:07]} 9. Nc3 {[%emt 0:02:35]} Ne6 {[%emt 0:04:52]} 10. Be3 {[%emt 0:01:10]} Qa5 {[%emt 0:01:56]} 11. Bb5 {[%emt 0:01:45]} a6 {[%emt 0:06:01]} 12. Bxc6 {[%emt 0:00:08]} bxc6 {[%emt 0:03:53]} 13. O-O {[%emt 0:06:59]} Rb8 {[%emt 0:02:53]} 14. Rab1 {[%emt 0:02:10]} O-O {[%emt 0:04:14]} 15. b4 {[%emt 0:01:25]} Qc7 {[%emt 0:01:50]} 16. Rfe1 {[%emt 0:08:13]} d5 {[%emt 0:03:59]} 17. Qh4 {[%emt 0:04:04]} Rd8 {[%emt 0:09:16]} 18. a4 {[%emt 0:13:55]} d4 {[%emt 0:16:07]} 19. Nxd4 {[%emt 0:14:05]} Bxe5 {[%emt 0:00:19]} 20. Nxe6 {[%emt 0:01:41]} Bxe6 {[%emt 0:01:20]} 21. Ne4 {[%emt 0:02:39]} Bf5 {[%emt 0:02:00]} 22. Ng5 {[%emt 0:04:59]} h5 {[%emt 0:00:42]} 23. Nf3 {[%emt 0:02:37]} Bxc2 {[%emt 0:06:42]} 24. Rbc1 {[%emt 0:01:34]} Bf6 {[%emt 0:01:40]} 25. Bf4 {[%emt 0:06:46]} Qb7 {[%emt 0:01:37]} 26. Qg3 {[%emt 0:00:43]} Bxa4 {[%emt 0:02:27]} 27. Bxb8 {[%emt 0:00:09]} Rxb8 {[%emt 0:02:36]} 28. Rc4 {[%emt 0:06:08]} Bb3 {[%emt 0:01:45]} 29. Rxc6 {[%emt 0:02:09]} Bd5 {[%emt 0:02:34]} 30. Rxa6 {[%emt 0:04:23]} Qxb4 {[%emt 0:01:56]} 31. Ra4 {[%emt 0:02:50]} Qb6 {[%emt 0:02:57]} 32. Ne5 {[%emt 0:01:43]} h4 {[%emt 0:03:36]} 33. Qf4 {[%emt 0:00:25]} g5 {[%emt 0:01:07]} 34. Qf5 {[%emt 0:00:31]} Be6 {[%emt 0:00:50]} 35. Qe4 {[%emt 0:00:42]} Qb5 {[%emt 0:00:44]} 36. Raa1 {[%emt 0:00:50]} Bd5 {[%emt 0:01:17]} 37. Qf5 {[%emt 0:00:48]} Be6 {[%emt 0:01:45]} 38. Qe4 {[%emt 0:00:18]} Bd5 {[%emt 0:00:15]} 39. Qc2 {[%emt 0:01:34]} Bb3 {[%emt 0:02:45]} 40. Qe2 {[%emt 0:01:11]} Qxe2 {[%emt 0:01:41]} 41. Rxe2 {[%emt 0:00:03]} Rb5 {[%emt 0:01:20]} 42. Rae1 {[%emt 0:00:23]} Be6 {[%emt 0:02:41]} 43. Nf3 {[%emt 0:02:41]} g4 {[%emt 0:02:48]} 44. Nd2 {[%emt 0:00:45]} Bd4 {[%emt 0:02:35]} 45. Ne4 {[%emt 0:01:39]} Kg7 {[%emt 0:02:20]} 46. Rd2 {[%emt 0:01:30]} Bb6 {[%emt 0:00:39]} 47. Rdd1 {[%emt 0:05:47]} Bf5 {[%emt 0:03:17]} 48. Rb1 {[%emt 0:01:17]} Rxb1 {[%emt 0:01:45]} 49. Rxb1 Bxf2+ {[%emt 0:01:01]} 50. Kxf2 {[%emt 0:00:13]} Bxe4 {[%emt 0:00:13]} 51. Rb4 {[%emt 0:00:52]} f5 {[%emt 0:02:18]} 52. g3 {[%emt 0:00:17]} hxg3+ {[%emt 0:00:45]} 53. hxg3 {[%emt 0:00:02]} Kf6 {[%emt 0:03:13]} 54. Rb6+ {[%emt 0:00:52]} e6 {[%emt 0:00:53]} 55. Ke3 {[%emt 0:00:27]} Bd5 {[%emt 0:01:01]} 56. Kf4 {[%emt 0:00:10]} Bc4 {[%emt 0:00:35]} 57. Rc6 {[%emt 0:00:22]} Bd5 {[%emt 0:00:10]} 58. Ra6 {[%emt 0:02:25]} 1/2-1/2

[Event "VI Sunway Sitges Open 2019"]
[Site "Sitges"]
[Date "2019.12.14"]
[Round "2.51"]
[White "Dhrupad Kashyap"]
[Black "Zheng, Harry Z"]
[Result "1/2-1/2"]
[WhiteElo "2073"]
[BlackElo "1704"]
[Annotator "NA"]
[PlyCount "82"]
[EventDate "2019.12.13"]
[EventType "swiss"]
[EventCountry "ESP"]
[SourceTitle "playchess.com"]
[Source "ChessBase"]
[SourceQuality "1"]
[TimeControl "40/5400+30:1800+30"]

1. c4 {[%emt 0:00:00]} e5 {[%emt 0:00:00]} 2. d3 {[%emt 0:00:29]} Nf6 {[%emt 0:00:00]} 3. Nf3 {[%emt 0:00:08]} Nc6 {[%emt 0:00:12]} 4. g3 {[%emt 0:01:07]} d5 {[%emt 0:00:11]} 5. cxd5 {[%emt 0:01:17]} Nxd5 {[%emt 0:00:11]} 6. Bg2 {[%emt 0:00:04]} Be6 {[%emt 0:01:50]} 7. O-O {[%emt 0:01:18]} Be7 {[%emt 0:00:16]} 8. Nc3 {[%emt 0:02:00]} O-O {[%emt 0:01:05]} 9. Nxd5 {[%emt 0:05:03]} Bxd5 {[%emt 0:00:16]} 10. Be3 {[%emt 0:00:03]} f5 {[%emt 0:06:51]} 11. Rc1 {[%emt 0:04:06]} Be6 {[%emt 0:04:17]} 12. Bc5 {[%emt 0:01:16]} Bxc5 {[%emt 0:02:48]} 13. Rxc5 {[%emt 0:00:07]} Qe7 {[%emt 0:01:52]} 14. b4 {[%emt 0:15:23]} Bxa2 {[%emt 0:11:20]} 15. Qa4 {[%emt 0:01:23]} Bf7 {[%emt 0:00:47]} 16. Qb5 {[%emt 0:02:12]} e4 {[%emt 0:09:55]} 17. dxe4 {[%emt 0:00:17]} fxe4 {[%emt 0:00:11]} 18. Ng5 {[%emt 0:08:34]} Nd4 {[%emt 0:21:23]} 19. Qxb7 {[%emt 0:00:12]} Nxe2+ {[%emt 0:01:03]} 20. Kh1 {[%emt 0:00:05]} Rab8 {[%emt 0:00:09]} 21. Qxe4 {[%emt 0:02:17]} Qxe4 {[%emt 0:02:00]} 22. Bxe4 {[%emt 0:00:26]} Rxb4 {[%emt 0:03:18]} 23. Bxh7+ {[%emt 0:02:54]} Kh8 {[%emt 0:01:06]} 24. Bd3 {[%emt 0:02:33]} Nd4 {[%emt 0:02:28]} 25. Nxf7+ {[%emt 0:05:24]} Rxf7 {[%emt 0:00:12]} 26. Bc4 {[%emt 0:01:01]} Rf5 {[%emt 0:03:28]} 27. Rxc7 {[%emt 0:00:12]} Rf8 {[%emt 0:04:17]} 28. Rc5 {[%emt 0:10:04]} g6 {[%emt 0:02:32]} 29. Rd1 {[%emt 0:05:16]} Rxf2 {[%emt 0:07:17]} 30. Rc8+ {[%emt 0:04:21]} Kg7 {[%emt 0:00:14]} 31. h4 {[%emt 0:10:49]} Rc2 {[%emt 0:05:36]} 32. Be6 {[%emt 0:00:14]} Rxc8 {[%emt 0:00:22]} 33. Bxc8 {[%emt 0:00:02]} a5 {[%emt 0:00:47]} 34. Ra1 {[%emt 0:01:31]} a4 {[%emt 0:01:03]} 35. Bd7 {[%emt 0:00:31]} Ne2 {[%emt 0:01:50]} 36. Kh2 {[%emt 0:04:17]} Rb7 {[%emt 0:02:59]} 37. Bxa4 {[%emt 0:00:54]} Ra7 {[%emt 0:00:24]} 38. Re1 {[%emt 0:02:28]} Nxg3 {[%emt 0:00:59]} 39. Kxg3 {[%emt 0:00:35]} Rxa4 {[%emt 0:00:06]} 40. Re6 {[%emt 0:00:00]} Kh6 {[%emt 0:00:00]} 41. Rb6 {[%emt 0:00:30]} Kh5 {[%emt 0:01:27]} 1/2-1/2